LEADER 02384oas 2200841 a 450 001 9910143083903321 005 20260218111157.0 035 $a(DE-599)ZDB2520720-9 035 $a(OCoLC)361709088 035 $a(CONSER) 2010256089 035 $a(CKB)1000000000768678 035 $a(DE-599)2520720-9 035 $a(EXLCZ)991000000000768678 100 $a20090522a20089999 uy 101 0 $aeng 135 $aur||||||||||| 181 $ctxt$2rdacontent 182 $cc$2rdamedia 183 $acr$2rdacarrier 200 00$aJournal of receptor, ligand and channel research 210 $a[Auckland, N.Z.] $cDove Medical Press 300 $aRefereed/Peer-reviewed 311 08$a1178-699X 531 10$aJ Receptor Ligand Channel Res 531 1 $aJ. receptor ligand channel res. 606 $aCell receptors$vPeriodicals 606 $aLigands (Biochemistry)$vPeriodicals 606 $aCellular signal transduction$vPeriodicals 606 $aReceptors, Cell Surface 606 $aLigands 606 $aSignal Transduction 606 $aLigands (Biochimie)$vPe?riodiques 606 $aTransduction du signal cellulaire$vPe?riodiques 606 $aCell receptors$2fast$3(OCoLC)fst00850227 606 $aCellular signal transduction$2fast$3(OCoLC)fst00850288 606 $aLigands (Biochemistry)$2fast$3(OCoLC)fst00998471 608 $aPeriodicals.$2fast 615 0$aCell receptors 615 0$aLigands (Biochemistry) 615 0$aCellular signal transduction 615 12$aReceptors, Cell Surface. 615 22$aLigands. 615 22$aSignal Transduction. 615 6$aLigands (Biochimie) 615 6$aTransduction du signal cellulaire 615 7$aCell receptors. 615 7$aCellular signal transduction. 615 7$aLigands (Biochemistry) 676 $a572.69605 801 0$bNZ1 801 1$bNZ1 801 2$bOCLCQ 801 2$bHEBIS 801 2$bOCLCS 801 2$bOCLCQ 801 2$bRBN 801 2$bDEBBG 801 2$bGWDNB 801 2$bCUS 801 2$bOCLCQ 801 2$bOCLCF 801 2$bEUW 801 2$bNLM 801 2$bOCLCQ 801 2$bBWN 801 2$bOCLCQ 801 2$bIOY 801 2$bUEJ 801 2$bOCLCQ 906 $aJOURNAL 912 $a9910143083903321 996 $aJournal of receptor, ligand and channel research$92237866 997 $aUNINA